Request for the appointment of a construction adjudicator in the United Kingdom (Record no. 121268)

MARC details
000 -LEADER
fixed length control field 00757nas a22001817a 4500
007 - PHYSICAL DESCRIPTION FIXED FIELD--GENERAL INFORMATION
fixed length control field ta
008 - FIXED-LENGTH DATA ELEMENTS--GENERAL INFORMATION
fixed length control field 230825s2023 xxk||||o |||| 00| 0 eng d
041 ## - LANGUAGE CODE
Language code of text/sound track or separate title eng
110 ## - MAIN ENTRY--CORPORATE NAME
9 (RLIN) 4900
Corporate author Royal Institution of Chartered Surveyors
245 ## - TITLE STATEMENT
Title Request for the appointment of a construction adjudicator in the United Kingdom
Subtitle DRS2C
260 ## - PUBLICATION INFORMATION
Place of publication United Kingdom,
Publisher Royal Institution of Chartered Surveyors,
Date May 2023
650 ## - KEYWORDS
Keywords FORM
650 ## - KEYWORDS
Keywords DISPUTE RESOLUTION
651 ## - SUBJECT ADDED ENTRY--GEOGRAPHIC NAME
Geographic name United Kingdom
690 ## - LOCAL SUBJECT ADDED ENTRY--TOPICAL TERM (OCLC, RLIN)
9 (RLIN) 6236
Topical term or geographic name as entry element Dispute resolution
710 ## - ADDED CORPORATE NAME
9 (RLIN) 4900
Added corporate author Royal Institution of Chartered Surveyors
856 ## - ONLINE RESOURCE
Uniform Resource Identifier https://www.rics.org/content/dam/ricsglobal/documents/dispute-resolution-service/DRS2C%20_%20LVD%20_%20application%20form.pdf
Public note Available free on RICS.org
Holdings
Withdrawn status Lost status Damaged status Not for loan Home library Current library Date acquired Total Checkouts Date last seen Price effective from Koha item type
        Virtual Virtual 14/12/2022   14/12/2022 14/12/2022 Online material